| 000 | 00949cam a2200265u 4500 | ||
|---|---|---|---|
| 001 | 5850279 | ||
| 003 | OSt | ||
| 005 | 20230920151852.0 | ||
| 008 | 830107s1900 enkbefh 000 0 eng | ||
| 010 | _a 01003648 | ||
| 020 | _a9789390035113 | ||
| 040 |
_aDLC _cCarP _dDLC |
||
| 043 | _aa-ii--- | ||
| 050 | 0 | 0 |
_aDS485.V6 _bS5 |
| 082 |
_a954 _bSEW/F |
||
| 100 | 1 |
_aSewell, Robert, _d1845-1925 _93131 |
|
| 245 | 1 | 2 |
_aA forgotten empire (Vijayanagar) _ba contribution to the history of India,/ _cRobert Sewell |
| 260 |
_aLondon, _bS. Sonnenschein & co., ltd., _c1900. |
||
| 300 |
_a1 p. l., xxii, 427 p. _bfront., plates, maps, plan, 2 facsim. _c26 cm. |
||
| 651 | 0 |
_aVijayanagar (Empire) _xHistory. |
|
| 700 | 1 |
_aNunes, Fernão, _dactive 16th century. |
|
| 700 | 1 |
_aPaes, Domingos, _dactive 16th century [from old catalog] |
|
| 906 |
_a0 _bcbc _cpremunv _du _encip _f19 _gy-gencatlg |
||
| 942 |
_2ddc _cBK _h954 _iSEW/F _k954 _mSEW/F |
||
| 999 |
_c42262 _d42262 |
||